| 000 | 00395nam a2200157Ia 4500 | ||
|---|---|---|---|
| 008 | 230312s9999||||xx |||||||||||||| ||und|| | ||
| 020 | _a0-07-061493-8 | ||
| 082 |
_a599.9 _bSTE-P |
||
| 100 | _aStein Philip , L. | ||
| 245 | 0 | _aPhysical Anthropology | |
| 260 |
_bMcGraw Hill _aNew York _c1998 |
||
| 300 | _a374 | ||
| 546 | _aEng. | ||
| 650 |
_aMedical _vHuman Genetics , Genus HOMO |
||
| 942 | _cBK | ||
| 999 |
_c1841 _d1841 |
||